Una missione di redentoristi a Tripoli di Barberia nel 1730 sotto Aḥmad (I°) Caramanli

Elmentve itt :
Bibliográfiai részletek
Szerző: Rossi Ettore
Dokumentumtípus: Cikk
Megjelent: 1923
Sorozat:Rivista degli Studi Orientali
Kulcsszavak:Misszió - keresztény - története - 1730, Misszió - katolikus, Líbia története - forrás, Oszmán Birodalom története - 1730
Tárgyszavak:
Online Access:http://misc.bibl.u-szeged.hu/64404
LEADER 00931nab a2200241 i 4500
001 misc64404
005 20241003094047.0
008 230612s1923 hu o 000 ita d
040 |a SZTE Miscellanea Repozitórium  |b hun 
041 |a ita 
041 |a tur 
100 1 |a Rossi Ettore 
245 1 0 |a Una missione di redentoristi a Tripoli di Barberia nel 1730 sotto Aḥmad (I°) Caramanli  |h [elektronikus dokumentum] /  |c  Rossi Ettore 
260 |c 1923 
300 |a 140-144  |c 24 cm 
300 |a [5] p., [1] t.  |c 24 cm 
490 0 |a Rivista degli Studi Orientali 
561 |a Németh Gyula hagyaték 
591 |a NOA 4910 
650 4 |a Bölcsészettudományok 
650 4 |a Történettudomány és régészet 
695 |a Misszió - keresztény - története - 1730, Misszió - katolikus, Líbia története - forrás, Oszmán Birodalom története - 1730 
856 4 0 |u http://misc.bibl.u-szeged.hu/64404/1/4910_noa.pdf  |z Dokumentum-elérés